Rendezvényszervezés és csoportos foglalások menedzsmentje a budapesti luxusszállodák világában a Kozmo Hotel Suites & Spa példáján keresztül
| Szerző: | |
|---|---|
| További közreműködők: | |
| Dokumentumtípus: | Projektmunka |
| Kulcsszavak: | Budapest értékesítés rendezvényszervezés szállodák turizmus |
| Online Access: | http://dolgozattar.uni-bge.hu/59667 |
MARC
| LEADER | 00000nnm a2200000 i 4500 | ||
|---|---|---|---|
| 001 | dolg59667 | ||
| 005 | 20260409145407.0 | ||
| 008 | 260409suuuu hu o 000 hun d | ||
| 040 | |a BGE Dolgozattár Repozitórium |b hun | ||
| 041 | |a hu | ||
| 100 | 1 | |a Sass Eszter | |
| 245 | 1 | 0 | |a Rendezvényszervezés és csoportos foglalások menedzsmentje a budapesti luxusszállodák világában a Kozmo Hotel Suites & Spa példáján keresztül |c Sass Eszter |h [elektronikus dokumentum] |
| 516 | |a Project_work | ||
| 520 | 3 | |a Dolgozatomban a budapesti Kozmo Hotel Suites & Spa példáján keresztül vizsgálom a rendezvényszervezés és a csoportos foglalások menedzsmentjét a luxusszállodák világában. Szakmai gyakorlatom során szerzett tapasztalataimat szekunder kutatásokkal egészítettem ki. Elemzem a szervezési folyamatokat, feltárom az erősségeket és a kihívásokat, valamint fejlesztési javaslatokat is megfogalmazok a szolgáltatásminőség növelése, a vendégélmény javítása és a versenyképesség erősítése érdekében. | |
| 695 | |a Budapest | ||
| 695 | |a értékesítés | ||
| 695 | |a rendezvényszervezés | ||
| 695 | |a szállodák | ||
| 695 | |a turizmus | ||
| 700 | 1 | |a Horváth Vanda |e ths | |
| 856 | 4 | 0 | |u http://dolgozattar.uni-bge.hu/59667/1/Rendezv%C3%A9nyszervez%C3%A9s%20%C3%A9s%20csoportos%20foglal%C3%A1sok%20menedzsmentje%20a%20budapesti%20luxussz%C3%A1llod%C3%A1k%20vil%C3%A1g%C3%A1ban%20a%20Kozmo%20Hotel%20Suites%20%20Spa%20p%C3%A9ld%C3%A1j%C3%A1n%20kereszt%C3%BCl.pdf |z Dokumentum-elérés |
| 856 | 4 | 0 | |u http://dolgozattar.uni-bge.hu/59667/2/B%C3%ADr%C3%A1lati%20lap_FOSZK_SassEszter_HV.pdf |z Dokumentum-elérés |